[Event "NLD-ch sf"]
[Site "Enschede"]
[Date "1991.??.??"]
[Round "9"]
[White "Nijboer, Friso"]
[Black "Van der Griendt, Jan Willem"]
[Result "1-0"]
[WhiteElo "2455"]
[BlackElo "2450"]

1.e4 c5 2.Nf3 Nc6 3.d4 cxd4 4.Nxd4 e6 5.Nc3 a6 6.Be2 Qc7 7.O-O Nf6 8.Kh1 d6
9.f4 Be7 10.a4 Bd7 11.Be3 O-O 12.Bd3 Rfe8 13.Qf3 Bf8 14.Qg3 g6 15.f5 Bg7
16.Nxc6 Bxc6 17.Bd4 exf5 18.exf5 Nh5 19.Qh4 Bxd4 20.Qxd4 Re5 21.Bc4 gxf5
22.Rad1 Rd8 23.Qh4 Ng7 24.Rd3 Qe7 25.Qh6 f4 26.Nd5 Bxd5 27.Bxd5 Qg5 28.Qxg5 Rxg5
29.Rxf4 Ne6 30.Bxe6 fxe6 31.h4 Rg7 32.Rf6 Rg4 33.Kg1 Rg6 34.Rdf3 Re8 35.Rxg6+ hxg6
36.c4 Kg7 37.Kf2 Rc8 38.b3 d5 39.cxd5 exd5 40.Rd3 Rc5 41.Ke3 b5 42.Kd4 Rc2
43.axb5 axb5 44.g3 b4 45.Kxd5 Rc3 46.Ke4 Rc1 47.Kf4 Rf1+ 48.Kg4 Rf5 49.Rd7+  1-0

[Event "Espoo op"]
[Site "Espoo"]
[Date "1991.??.??"]
[Round "3"]
[White "Langner, Ladislav"]
[Black "Paasikangas, Johanna"]
[Result "1-0"]
[WhiteElo "2380"]
[BlackElo "2130"]

1.e4 c5 2.Nf3 e6 3.d4 cxd4 4.Nxd4 Nc6 5.Nc3 Qc7 6.g3 a6 7.Bg2 Nf6 8.O-O Nxd4
9.Qxd4 Bc5 10.Qd3 O-O 11.Bf4 d6 12.Rad1 e5 13.Bg5 Ng4 14.Nd5 Qd7 15.b4 Bxf2+
16.Rxf2 Nxf2 17.Kxf2 f6 18.Be3 Qf7 19.Nb6 Rb8 20.Qxd6 Bg4 21.Rd2 h5 22.Nd5 Be6
23.Bc5 Rfd8 24.Qe7 Rd7 25.Qxf7+ Kxf7 26.Bf1 Rh8 27.h4 Rc8 28.c4 a5 29.a3 axb4
30.Bxb4 g6 31.Ke3 f5 32.Rf2 Rc6 33.Bd3 Kg7 34.Bc3 fxe4 35.Bxe5+ Kh6 36.Bxe4 Bxd5
37.Bxd5 Ra6 38.Rf8  1-0

[Event "Espoo op"]
[Site "Espoo"]
[Date "1991.??.??"]
[Round "5"]
[White "Kivisto, Mikko"]
[Black "Paasikangas, Johanna"]
[Result "1-0"]
[WhiteElo "2265"]
[BlackElo "2130"]

1.e4 c5 2.Nf3 e6 3.d4 cxd4 4.Nxd4 Nc6 5.Nc3 Qc7 6.g3 a6 7.Bg2 Nf6 8.O-O Be7
9.Re1 O-O 10.Nxc6 bxc6 11.e5 Nd5 12.Na4 f6 13.c4 Nb6 14.Bf4 fxe5 15.Bxe5 d6
16.c5 Nd5 17.cxd6 Bxd6 18.Bxd6 Qxd6 19.Rc1 Ra7 20.Qd4 Raf7 21.f4 Qb4 22.Qxb4 Nxb4
23.Rc4 a5 24.a3 Ba6 25.Rc3 Nd5 26.Rxc6 Bb5 27.Rcxe6 Nxf4 28.gxf4 Bxa4 29.R6e5 Rxf4
30.Rxa5 Bb3 31.Ra7 h6 32.Rf1 Rxf1+ 33.Bxf1 Rb8 34.Bg2 Rd8 35.Ra8 Rxa8 36.Bxa8 Kf7
37.Kf2 Ke6 38.Ke3 Ke5 39.Kd3 g5 40.Kc3 Be6 41.a4 h5 42.a5 Kd6 43.Kd4 Bc8
44.b4 g4 45.b5 Kc7 46.b6+ Kb8 47.Bc6 h4 48.Ke3 h3 49.Kf4  1-0

[Event "Espoo op"]
[Site "Espoo"]
[Date "1991.??.??"]
[Round "7"]
[White "Nokso Koivisto, Antti"]
[Black "Lindberg, Bengt"]
[Result "1/2-1/2"]
[WhiteElo "2370"]
[BlackElo "2365"]

1.e4 c5 2.Nf3 Nc6 3.d4 cxd4 4.Nxd4 e6 5.Nc3 a6 6.Be2 Qc7 7.O-O Nf6 8.Kh1 Bb4
9.Nxc6 dxc6 10.Qd4 Bd6 11.Qd3 O-O 12.Bg5 Bf4 13.Bxf6 gxf6 14.Rad1 Kh8 15.g3 Bh6
16.a4 b5 17.Qd6 Ra7 18.Qc5 Re8 19.Qh5 Bg7 20.f4 b4 21.Nb1 c5 22.Nd2 Bb7 23.b3 Raa8
24.Bf3 Rad8 25.Nc4 Kg8 26.Bg2 Rd4 27.Rxd4 cxd4 28.Qa5 Qxa5 29.Nxa5 Ba8 30.Re1 Rd8
31.Rd1 e5 32.f5 Rc8 33.Nc4 Rxc4 34.bxc4 a5 35.Kg1 Bc6 36.Ra1 Bh6 37.Kf2 Bd2
38.Ke2 Bc3 39.Ra2 h5 40.Bf3 h4 41.gxh4 Kh7 42.Kd1 Kh6 43.Kc1 Kg7 44.Bg2 Kh6
45.Bf3 Kg7 46.Kb1 Kh6 47.Kc1  1/2-1/2

[Event "Espoo op"]
[Site "Espoo"]
[Date "1991.??.??"]
[Round "7"]
[White "Raisa, Unto"]
[Black "Paasikangas, Johanna"]
[Result "1/2-1/2"]
[WhiteElo "2260"]
[BlackElo "2130"]

1.e4 c5 2.Nf3 e6 3.d4 cxd4 4.Nxd4 Nc6 5.Nc3 Qc7 6.g3 a6 7.Bg2 Nf6 8.O-O Be7
9.h3 O-O 10.a4 b6 11.Nxc6 dxc6 12.Be3 Bb7 13.Qe2 b5 14.a5 c5 15.Bf4 e5 16.Bg5 Rad8
17.Bxf6 Bxf6 18.Nd5 Bxd5 19.exd5 c4 20.b4 c3 21.Rfe1 Rc8 22.Rab1 h6 23.h4 g6
24.h5 g5 25.Qf3 Bg7 26.Qf5 Rfd8 27.Red1 Qd7 28.Qxd7 Rxd7 29.Bh3 Rcd8 30.Bxd7 Rxd7
31.g4 e4 32.Kf1 Be5 33.Ke2 Bf4 34.Rd4 Bd2 35.Rxe4 Rxd5 36.Re8+ Kg7 37.Ra8 Rd6
38.Rd1 Re6+ 39.Kd3 Rf6 40.Ke2 Re6+ 41.Kf1 Rf6 42.Ke2 Re6+  1/2-1/2

[Event "Espoo op"]
[Site "Espoo"]
[Date "1991.??.??"]
[Round "8"]
[White "Lindberg, Bengt"]
[Black "Langner, Ladislav"]
[Result "1/2-1/2"]
[WhiteElo "2365"]
[BlackElo "2380"]

1.e4 c5 2.Nf3 e6 3.d4 cxd4 4.Nxd4 Nc6 5.Nc3 Qc7 6.Be2 Nf6 7.O-O Nxd4 8.Qxd4 Bc5
9.Qd3 a6 10.Be3 b5 11.Bxc5 Qxc5 12.Qg3 Bb7 13.e5 Ne4 14.Nxe4 Bxe4 15.Bd3 Bc6
16.Rfe1 O-O 17.Qh4 h6 18.a3 f6 19.Qg3 f5 20.Rad1 Rac8 21.c3 Bd5 22.Qe3 Kf7
23.Qg3 a5 24.Be2 Qc6 25.Bh5+ Kg8 26.Bf3 f4 27.Qh3 Bxf3 28.Qxf3 Qxf3 29.gxf3 Rf7
30.Re4 Rc5 31.Rd6 a4 32.Kf1 Kf8 33.Rb6 Rf5 34.Rd4 Rfxe5 35.Rxd7 Kg8 36.Rbb7 Rg5
37.h4 Rg6 38.Rd8+ Kh7 39.Rf7 Rh5 40.Rxf4 Rf6 41.Rxf6 gxf6 42.Rd4 Kg6 43.c4 Rc5
44.cxb5 Rxb5 45.Rb4 Ra5 46.Ke2 Kh5 47.Kd3 f5 48.Ke2 Ra6 49.Kf1 e5 50.Kg2 Kg6
51.Kg3 f4+ 52.Kg4 h5+ 53.Kh3 Kf5 54.Kg2 Ke6 55.Kf1 Kd5 56.Ke2 Ra7 57.Kd3 Ra5
58.Rb8 Rc5 59.Rb4 Ra5 60.Rb8 Rc5 61.Kd2 Ra5 62.Rd8+ Ke6 63.Rb8 Rd5+ 64.Ke2 Ra5
65.Ke1 Rc5 66.Kf1 Rc2 67.Rb4 Kd5 68.Rxa4 Rxb2 69.Ra6 Ra2 70.a4 e4 71.fxe4+ Kxe4
72.Kg2 Kf5 73.Ra8 Kg4 74.Rg8+ Kxh4 75.Kf3 Rxa4 76.Rh8 Ra2 77.Rh7 Ra8 78.Rf7 Kg5
79.Rg7+ Kh4 80.Kxf4 Rf8+ 81.Ke3 Kh3 82.f4 h4 83.Ke4 Re8+ 84.Kf3 Re1 85.Kf2 Ra1
86.f5 Ra2+ 87.Kf1 Ra4 88.Rf7 Kh2 89.f6 h3 90.Kf2 Rf4+ 91.Ke3 Rf1 92.Ke2 Rf5
93.Ke3 Kg1 94.Rg7+ Kh1 95.f7 h2 96.Rh7 Rf6 97.Ke2 Rf5 98.Rg7 Rf6 99.Rh7 Rf4
100.Rg7 Rf5 101.Rh7 Kg2 102.Rg7+ Kh3 103.Rh7+ Kg2 104.Rg7+ Kh3 105.Rh7+ Kg3
106.Rg7+ Kh3 107.Rh7+ Kg2 108.Rg7+ Kh1 109.Rh7 Rf4 110.Rg7 Rf6 111.Rh7 Kg2  1/2-1/2

[Event "EST-FIN m"]
[Site "EST"]
[Date "1991.??.??"]
[Round "2"]
[White "Rantanen, Yrjo A"]
[Black "Rytshagov, Mikhail"]
[Result "1/2-1/2"]
[WhiteElo "2415"]
[BlackElo "2385"]

1.e4 c5 2.Nf3 e6 3.d4 cxd4 4.Nxd4 Nc6 5.Nc3 Qc7 6.Be2 a6 7.O-O Nf6 8.Be3 d6
9.f4 Be7 10.Qe1 O-O 11.Qg3 Bd7  1/2-1/2

[Event "Festuge op"]
[Site "Festuge"]
[Date "1991.??.??"]
[Round "?"]
[White "Mortensen, Erling"]
[Black "Fogarasi, Tibor"]
[Result "1/2-1/2"]
[WhiteElo "2450"]
[BlackElo "2410"]

1.e4 c5 2.Nf3 e6 3.d4 cxd4 4.Nxd4 Nc6 5.Nc3 Qc7 6.g3 a6 7.Bg2 d6 8.O-O Be7
9.Nb3 b5 10.a4 b4 11.Na2 Rb8 12.c3 bxc3 13.Nxc3 Nf6 14.a5 O-O 15.Be3 Nd7
16.Qc2 Nb4 17.Qe2 Ne5 18.Bb6 Qc4 19.Qxc4 Nxc4 20.Ra4 d5 21.exd5 Nxb6 22.axb6 Rxb6
23.Na5 exd5 24.Bxd5 Bc5 25.Nc4 Nxd5 26.Nxd5 Rb3 27.Ra5 Rb5 28.Rc1 Be6 29.Rxb5 axb5
30.Nce3 Rc8  1/2-1/2

[Event "Festuge op"]
[Site "Festuge"]
[Date "1991.??.??"]
[Round "?"]
[White "Hector, Jonny"]
[Black "Fogarasi, Tibor"]
[Result "1/2-1/2"]
[WhiteElo "2465"]
[BlackElo "2410"]

1.e4 c5 2.Nf3 e6 3.d4 cxd4 4.Nxd4 Nc6 5.Nc3 Qc7 6.f4 a6 7.Nxc6 bxc6 8.Bd3 d5
9.O-O Nf6 10.Qe2 Be7 11.e5 Nd7 12.Na4 c5 13.c4 d4 14.b3 Bb7 15.Be4 g6 16.Nb2 O-O
17.Rf3 Rae8 18.Bd2 Bc8 19.Qd3 f5 20.exf6 Rxf6 21.Raf1 Bd6 22.Nd1 Ref8 23.g3 R6f7
24.R3f2 Nf6 25.Bg2 Kg7 26.Re2 e5 27.fxe5 Bxe5 28.Bg5 Ng4 29.Rxf7+ Rxf7 30.Bd5 Bf5
31.Be4 Bd7 32.Nf2 Nxf2 33.Rxf2 Rxf2 34.Kxf2 Bf6 35.Bf4 Be5 36.Bc1 Bg4 37.Bd5 Qd6
38.Qd2 Qf6+ 39.Kg1 Kh8 40.Qg5  1/2-1/2

[Event "FIN-chT"]
[Site "FIN"]
[Date "1991.??.??"]
[Round "?"]
[White "Ebeling, Mika"]
[Black "Nokso Koivisto, Antti"]
[Result "1/2-1/2"]
[WhiteElo "2275"]
[BlackElo "2370"]

1.e4 c5 2.Nf3 Nc6 3.d4 cxd4 4.Nxd4 e6 5.Nc3 a6 6.Be2 d6 7.Be3 Nf6 8.O-O Be7
9.f4 O-O 10.Qe1 Qc7 11.Qg3 Bd7 12.Rad1 Nxd4  1/2-1/2

[Event "FIN-chT"]
[Site "FIN"]
[Date "1991.??.??"]
[Round "?"]
[White "Helenius, Martti"]
[Black "Paavilainen, Jorma"]
[Result "0-1"]
[WhiteElo "2255"]
[BlackElo "2300"]

1.e4 c5 2.Nf3 Nc6 3.d4 cxd4 4.Nxd4 e6 5.Nc3 Qc7 6.Be2 a6 7.O-O Nf6 8.a3 Be7
9.Be3 O-O 10.f4 d6 11.Qe1 Nxd4 12.Bxd4 e5 13.Be3 exf4 14.Rxf4 Be6 15.Qg3 Nd7
16.Bd4 Ne5 17.h4 Rfe8 18.Raf1 Bf8 19.h5 g6 20.Bd3 Bg7 21.Nd5 Bxd5 22.exd5 Re7
23.Qh3 Qd7 24.Qxd7 Nxd7 25.Bxg7 Kxg7 26.hxg6 hxg6 27.c4 a5 28.b3 f5 29.Rc1 b6
30.Bf1 Kf6 31.Rf2 Kg5 32.Re2 Ne5 33.b4 axb4 34.axb4 Rc7 35.c5 bxc5 36.b5 Rb7
37.Rb2 Rb6 38.Rcc2 Kf6 39.Ra2 Rab8 40.Ra6 f4 41.Rca2 c4 42.R2a4 Rxb5 43.Rxd6+ Kf5
44.Bxc4 Nxc4 45.Rxc4 Rb1+ 46.Kf2 R8b2+ 47.Kf3 Rf1+  0-1

[Event "FIN-chT"]
[Site "FIN"]
[Date "1991.??.??"]
[Round "?"]
[White "Holopainen, Timo"]
[Black "Paasikangas, Johanna"]
[Result "0-1"]
[WhiteElo "2240"]
[BlackElo "2130"]

1.e4 c5 2.Nf3 e6 3.d4 cxd4 4.Nxd4 Nc6 5.Nc3 Qc7 6.Be3 a6 7.Be2 b5 8.O-O Bb7
9.Kh1 Nf6 10.a3 Be7 11.f4 d6 12.f5 h5 13.fxe6 Ne5 14.exf7+ Kxf7 15.Nd5 Qd8
16.Nf5 Bxd5 17.exd5 Qd7 18.Nxe7 Kxe7 19.Bg5 h4 20.Qd2 h3 21.g3 Raf8 22.Rae1 Qc7
23.Bg4 Kd8 24.Be6 Qb6 25.b3 Kc7 26.Be3 Qb7 27.c4 Re8 28.Kg1 Ne4 29.Qa5+ Kb8
30.Bf4 Rxe6 31.Rxe4 Nf3+ 32.Rxf3 Rxe4 33.Bxd6+ Ka8 34.c5 Rhe8 35.Rf1 Re2
36.Rf2 Rxf2 37.Kxf2 Qf7+ 38.Kg1 Qb7 39.Qd2 Ka7 40.b4 Qd7 41.Qf2 Ka8 42.Qf3 g5
43.g4 Qg7 44.Bg3 Qa1+ 45.Kf2 Qe1+  0-1

[Event "FIN-chT"]
[Site "FIN"]
[Date "1991.??.??"]
[Round "?"]
[White "Paavilainen, Jorma"]
[Black "Pyhala, Antti"]
[Result "1-0"]
[WhiteElo "2300"]
[BlackElo "2380"]

1.e4 c5 2.Nf3 e6 3.d4 cxd4 4.Nxd4 Nc6 5.Nc3 Qc7 6.Be2 a6 7.O-O Nf6 8.Be3 Bb4
9.Na4 Be7 10.Nxc6 bxc6 11.Nb6 Rb8 12.Nxc8 Qxc8 13.e5 Nd5 14.Bd4 c5 15.c4 cxd4
16.cxd5 Qc5 17.Bf3 Rxb2 18.Rc1 Qb6 19.Rc8+ Bd8 20.dxe6 fxe6 21.Be4 g6 22.Qg4 Kf7
23.h4 Qa5 24.Qf4+ Kg7 25.h5 g5 26.h6+ Kxh6 27.Qf7 Re2 28.Bd3 Rxe5 29.Qxd7 g4
30.g3 Kh5 31.Qf7+ Kh6 32.Qd7 Kh5 33.Ra8 Kh6 34.a4 Qb6 35.Kg2 Rh5 36.Rxa6 Qc5
37.Rxe6+  1-0

[Event "Forli op"]
[Site "Forli"]
[Date "1991.??.??"]
[Round "3"]
[White "Payen, Arnaud"]
[Black "Drei, Andrea"]
[Result "1/2-1/2"]
[WhiteElo "2215"]
[BlackElo "2260"]

1.e4 c5 2.Nf3 e6 3.d4 cxd4 4.Nxd4 Nc6 5.Nc3 Qc7 6.Be2 a6 7.O-O Nf6 8.Kh1 Be7
9.f4 d6 10.a4 Bd7 11.Nb3 O-O 12.Be3 b6 13.Bf3 Rab8 14.Qe2 Nb4 15.Rad1 e5
16.Rd2 Be6 17.Qd1 Rfc8 18.Nc1 b5 19.axb5 axb5 20.Nd3 Nxc2 21.Rxc2 Bb3 22.Rff2 Bxc2
23.Rxc2 b4 24.Nd5 Qxc2 25.Nxe7+ Kf8 26.Nxc8 Qxd1+ 27.Bxd1 Rxc8 28.fxe5 dxe5
29.Bf3 b3 30.Nc5 Ke7 31.Nxb3 Rb8 32.Nd2 Rxb2 33.h3 Rc2 34.Nf1 Ke6 35.Kg1 g6
36.Nd2 Ne8 37.Kf2 f5 38.Bd1 Rb2 39.Bb3+ Kf6 40.Ke2 Nd6 41.Kd1 f4 42.Bg1 g5
43.Kc1 Rxb3 44.Nxb3 Nxe4 45.Nc5 Nxc5 46.Bxc5 g4 47.Kd2 Kf5 48.Bf2 e4  1/2-1/2

[Event "FRA-chT"]
[Site "FRA"]
[Date "1991.??.??"]
[Round "?"]
[White "Armas, Jorge"]
[Black "Pira, Davoud"]
[Result "1-0"]
[WhiteElo "2400"]
[BlackElo "2345"]

1.e4 c5 2.Nf3 e6 3.d4 cxd4 4.Nxd4 Nc6 5.Nc3 Qc7 6.Be2 a6 7.f4 Nxd4 8.Qxd4 b5
9.Be3 Bb7 10.Bf3 Rc8 11.Rd1 Ne7 12.Qd2 f5 13.a3 fxe4 14.Nxe4 Nd5 15.Bd4 Qxf4
16.O-O Qxd2 17.Rxd2 Rg8 18.Nc3 Bc5 19.Nxd5 Bxd5 20.Bxd5 exd5 21.c3 Rf8 22.Re2+ Kd8
23.Rxf8+ Bxf8 24.Bb6+ Rc7 25.b4 Bd6 26.Rd2 Ke7 27.Bxc7 Bxc7 28.Rxd5 Ke6 29.Rd3 Bf4
30.Kf2 d5 31.g3 Bc1 32.Ke1 Bg5 33.Rf3 Bf6 34.Kd2 h5 35.h4 g6  1-0

[Event "FRA-chT"]
[Site "FRA"]
[Date "1991.??.??"]
[Round "?"]
[White "Sellos, Didier"]
[Black "Degraeve, Jean Marc"]
[Result "1/2-1/2"]
[WhiteElo "2430"]
[BlackElo "2450"]

1.e4 c5 2.Nf3 Nc6 3.Nc3 e6 4.d4 cxd4 5.Nxd4 Nf6 6.Nxc6 bxc6 7.e5 Nd5 8.Ne4 f5
9.exf6 Nxf6 10.Nd6+ Bxd6 11.Qxd6 Ba6 12.Bxa6 Qa5+ 13.Bd2 Qxa6 14.f3 Qc4 15.c3 a5
16.Be3 Rf8 17.Bd4 Rf7 18.b3 Qd5 19.Qxd5 Nxd5 20.c4 Nf4 21.g3 Ng6 22.f4 a4
23.Kd2 d5 24.Rhe1 Kd7 25.cxd5 exd5 26.b4 Ne7 27.Bc5 Ng8 28.Bd4 Nf6 29.Bxf6 Rxf6
30.Re2 Re6 31.Rxe6 Kxe6 32.Rc1 Kd6 33.Rc5 Rf8 34.Ra5 g5 35.fxg5 Rf2+ 36.Ke3 Rxh2
37.Rxa4 Ke5 38.Ra8 Rb2 39.Re8+ Kf5 40.Rc8 Rxb4  1/2-1/2

[Event "FRA-chT"]
[Site "FRA"]
[Date "1991.??.??"]
[Round "?"]
[White "Apicella, Manuel"]
[Black "Castets, P."]
[Result "1-0"]
[WhiteElo "2430"]
[BlackElo "2100"]

1.e4 c5 2.Nf3 Nc6 3.Nc3 e6 4.d4 cxd4 5.Nxd4 Nf6 6.Be2 Bb4 7.O-O Bxc3 8.bxc3 Nxe4
9.Bd3 Nc5 10.Qg4 Kf8 11.Ba3 b6 12.Qg3 Bb7 13.Rfe1 Kg8 14.Nb5 Nxd3 15.cxd3 Ne7
16.Nd6 Bc6 17.c4 h5 18.d4 Rh6 19.d5 Nxd5 20.cxd5 Bxd5 21.f3 Qf6 22.Qe5 Qg6
23.Kf2 Qc2+ 24.Re2 Qd3 25.Qe3 Qa6 26.Rc1 Bc6 27.Rc3 Qa4 28.Rc4 Qd1 29.Re1 Qd5
30.Rd4 Qa5 31.Re2 b5 32.Bc5 Qc7 33.Rc2 Qd8 34.Rf4 Rf6 35.Bd4 Rxf4 36.Qxf4 f6
37.Qh4 Qe7 38.Bc5 g5 39.Qxh5 Qh7 40.Qxh7+ Kxh7 41.Ne4 Kg6 42.Bd6 a5 43.Nc5 Rh8
44.Nxe6 dxe6 45.Rxc6 Rd8 46.Ke3 b4 47.Ra6 Rd7 48.Bc5 Rb7 49.Rxe6 b3 50.axb3 Rxb3+
51.Ke4 Kf7 52.Kf5  1-0

[Event "FRA-chT"]
[Site "FRA"]
[Date "1991.??.??"]
[Round "?"]
[White "Boudre, Jean Pierre"]
[Black "Marciano, David"]
[Result "1/2-1/2"]
[WhiteElo "2365"]
[BlackElo "2310"]

1.e4 c5 2.Nf3 e6 3.d4 cxd4 4.Nxd4 Nc6 5.Nc3 Qc7 6.g3 a6 7.Bg2 Nf6 8.O-O Be7
9.Re1 O-O 10.Nxc6 dxc6 11.e5 Rd8 12.Qf3 Nd5 13.h4 Nxc3 14.bxc3 Rb8 15.Bg5 c5
16.Bxe7 Qxe7 17.Rad1 Bd7 18.Qf4 Bb5 19.Rd6 Rxd6 20.exd6 Qd7 21.Rd1 Bc6 22.Bh3 e5
23.Bxd7 exf4 24.Bxc6 bxc6 25.gxf4 Kf8 26.Kg2 Rd8 27.Kf3 Ke8 28.Re1+ Kf8 29.Re5 Rxd6
30.Rxc5 Rd2 31.Rxc6 Rxc2 32.a4 a5 33.Rc5 Ke7 34.f5 Kf6 35.Kg3 Ra2 36.Rxa5 Ra3
37.Kf4 Rxc3 38.Ra6+ Ke7 39.h5 Rc2 40.Ra7+ Kf6 41.Ra6+ Ke7 42.f3 h6 43.a5 Rc5
44.Kg4 Rc4+ 45.f4 Rc5 46.Ra7+ Kf6 47.Ra8 Rb5 48.Ra6+  1/2-1/2

[Event "FRA-chT"]
[Site "FRA"]
[Date "1991.??.??"]
[Round "?"]
[White "Bersoult, Francois"]
[Black "Letreguilly, Olivier"]
[Result "1/2-1/2"]
[WhiteElo "2220"]
[BlackElo "2240"]

1.e4 c5 2.Nf3 Nc6 3.d4 cxd4 4.Nxd4 e6 5.Nc3 Qc7 6.Be2 a6 7.f4 Nxd4 8.Qxd4 b5
9.Be3 Bb7 10.O-O Rc8 11.Rfd1 Nf6 12.e5 Nd5 13.Nxd5 Bxd5 14.a4 Bc4 15.Bf3 bxa4
16.Rxa4 Bb5 17.Raa1 Be7 18.c4 Bc6 19.Rxa6 Bxf3 20.gxf3 O-O 21.Ra7 Qc6 22.Kg2 Rfd8
23.Qe4 Qxc4 24.Qxc4 Rxc4 25.Rdxd7 Rxd7 26.Rxd7 Kf8 27.Rb7 Ke8 28.b3 Rc2+
29.Kg3 Rb2 30.Bd4 Rb1 31.Kg2 h5 32.b4 Rd1 33.Be3 Re1 34.Bf2 Rb1 35.b5 Rb2
36.Kg1 Rb1+ 37.Kg2 Rb2 38.Kf1 Rb1+ 39.Ke2 Rb2+ 40.Kf1  1/2-1/2

[Event "FRA-ch"]
[Site "FRA"]
[Date "1991.??.??"]
[Round "8"]
[White "Sharif, Mershad"]
[Black "Bricard, Emmanuel"]
[Result "1/2-1/2"]
[WhiteElo "2415"]
[BlackElo "2390"]

1.e4 c5 2.Nf3 e6 3.d4 cxd4 4.Nxd4 Nc6 5.Nc3 a6 6.Nxc6 bxc6 7.Bd3 d5 8.O-O Nf6
9.Re1 Be7 10.e5 Nd7 11.Qg4 Kf8  1/2-1/2

[Event "Garmisch Partenkirchen op"]
[Site "Garmisch Partenkirchen"]
[Date "1991.??.??"]
[Round "?"]
[White "Klundt, Klaus"]
[Black "Gorjatschkin, Wjatscheslaw"]
[Result "1-0"]
[WhiteElo "2405"]
[BlackElo "2495"]

1.e4 c5 2.Nf3 e6 3.d4 cxd4 4.Nxd4 Nc6 5.Nc3 Qc7 6.g3 a6 7.Bg2 d6 8.O-O Bd7
9.Nxc6 Bxc6 10.a4 Nf6 11.Be3 Be7 12.f4 O-O 13.g4 Rfe8 14.g5 Nd7 15.a5 b5
16.axb6 Nxb6 17.Qd4 Nd7 18.f5 Bf8 19.fxe6 fxe6 20.Bh3 Bb7 21.Rf2 Ne5 22.Raf1 Rad8
23.Qb4 Rb8 24.Ba7 Ra8 25.Bd4 Qe7 26.Bxe5 dxe5 27.Rxf8+  1-0

[Event "Troll Masters"]
[Site "Gausdal"]
[Date "1991.??.??"]
[Round "4"]
[White "Jansa, Vlastimil"]
[Black "Stone, Raymond"]
[Result "1-0"]
[WhiteElo "2495"]
[BlackElo "2325"]

1.e4 c5 2.Nf3 Nc6 3.d4 cxd4 4.Nxd4 e6 5.Nc3 Qc7 6.g3 d6 7.Bg2 a6 8.O-O Bd7
9.Re1 Be7 10.Nxc6 Bxc6 11.Qg4 h5 12.Qe2 b5 13.Bf4 Nf6 14.a4 b4 15.Na2 Qb7
16.c3 bxc3 17.Nxc3 O-O 18.Rad1 Rfd8 19.Rd2 Rd7 20.Red1 Rad8 21.Bg5 g6 22.h4 a5
23.f3 Ne8 24.Bxe7 Rxe7 25.Bf1 d5 26.Qf2 Red7 27.exd5 Bxd5 28.Bb5 Bc6 29.Rxd7 Rxd7
30.Rxd7 Bxd7 31.Kg2 Nd6 32.Qc5 Nf5 33.Ne4 Bxb5 34.axb5 Kg7 35.b6 a4 36.Kf2 Qa6
37.Qc7 Qb5 38.b7 Qxb2+ 39.Kg1  1-0

[Event "Peer Gynt"]
[Site "Gausdal"]
[Date "1991.??.??"]
[Round "4"]
[White "Yakovich, Yuri"]
[Black "Holmsgaard, Henrik"]
[Result "1-0"]
[WhiteElo "2560"]
[BlackElo "2295"]

1.e4 c5 2.Nc3 e6 3.Nf3 Nc6 4.d4 cxd4 5.Nxd4 Qc7 6.g3 a6 7.Bg2 d6 8.O-O Nf6
9.Re1 Bd7 10.Nxc6 bxc6 11.Na4 Rb8 12.c4 c5 13.Nc3 Be7 14.Bf4 e5 15.Bc1 O-O
16.f4 exf4 17.gxf4 Be6 18.b3 Rfe8 19.Qf3 Bc8 20.Bb2 Bb7 21.Nd5 Nxd5 22.cxd5 f6
23.Bh3 Bc8 24.Be6+ Bxe6 25.dxe6 c4 26.Bd4 cxb3 27.axb3 Rb4 28.Bf2 Qb7 29.Re3 Bd8
30.f5 Bb6 31.Qh5 Re7 32.Rh3 Bxf2+ 33.Kxf2 h6 34.Rc1 Rc7 35.Qe8+ Kh7 36.Qg6+ Kh8
37.e7 Rxe7 38.Rhc3 Qb6+ 39.Kg2  1-0

[Event "Troll Masters"]
[Site "Gausdal"]
[Date "1991.??.??"]
[Round "4"]
[White "Winsnes, Rikard"]
[Black "Stokstad, Petter G"]
[Result "1-0"]
[WhiteElo "2330"]
[BlackElo "2205"]

1.e4 c5 2.Nf3 e6 3.d4 cxd4 4.Nxd4 Nc6 5.Nc3 a6 6.Be3 Nge7 7.Nb3 Na5 8.Na4 Nec6
9.Bb6 Qg5 10.Nd2 d5 11.exd5 exd5 12.b3 Bg4 13.Be2 Qe5 14.f3 Bf5 15.O-O Bd6
16.f4 Qf6 17.Bf3 O-O 18.Bxd5 Bc7 19.Bxc7 Qd4+ 20.Kh1 b5 21.Nf3 Qxd1 22.Rfxd1 bxa4
23.Bxa5 Nxa5 24.b4 Bxc2 25.bxa5  1-0

[Event "Peer Gynt"]
[Site "Gausdal"]
[Date "1991.??.??"]
[Round "8"]
[White "Prasad, Devaki V"]
[Black "Holmsgaard, Henrik"]
[Result "1-0"]
[WhiteElo "2420"]
[BlackElo "2295"]

1.e4 c5 2.Nf3 Nc6 3.d4 cxd4 4.Nxd4 e6 5.Nc3 Qc7 6.Be2 a6 7.O-O Nf6 8.Be3 d6
9.f4 Be7 10.Kh1 O-O 11.Qe1 Re8 12.Qg3 Kh8 13.Nxc6 bxc6 14.e5 Nd7 15.exd6 Bxd6
16.Ne4 Bf8 17.Bd3 c5 18.Ng5 f5 19.Qh4 Nf6 20.Bc4 h6 21.Bd2 Kg8 22.Bc3 Ng4
23.Rae1 hxg5 24.fxg5 Qxh2+ 25.Qxh2 Nxh2 26.Kxh2 g6 27.g4 Bd6+ 28.Be5 Rd8
29.gxf5 gxf5 30.Rxf5 Bxe5+ 31.Rfxe5 Rb8 32.b3 Rd2+ 33.R1e2 Rxe2+ 34.Bxe2 Rb4
35.Rxc5 Bb7 36.Bc4 Kf7 37.Kg3  1-0

[Event "Troll Masters"]
[Site "Gausdal"]
[Date "1991.??.??"]
[Round "8"]
[White "Winsnes, Rikard"]
[Black "Gausel, Einar"]
[Result "1/2-1/2"]
[WhiteElo "2330"]
[BlackElo "2425"]

1.e4 c5 2.Nf3 e6 3.d4 cxd4 4.Nxd4 Nc6 5.Nc3 a6 6.Bf4 d6 7.Nxc6 bxc6 8.Bc4 Nf6
9.Qf3 e5 10.Bg5 Be7 11.O-O O-O 12.h3 a5 13.Bb3 Nd7 14.Be3 Nb6 15.Rfd1 Be6
16.Qe2 Qb8 17.Na4 Nxa4 18.Bxa4 Qb7 19.c4 Qa6 20.Rac1 Rab8 21.Rd2 Rfd8 22.b3 Qa8
23.Rcd1 Rb4 24.Rc2 f6 25.Bd2 Rb6 26.c5 dxc5 27.Be3 Rxd1+ 28.Qxd1 Rb4 29.Bxc5 Bxc5
30.Rxc5 Rd4 31.Qc2 Qd8 32.Bxc6 Rd1+ 33.Kh2 Rd2 34.Qc3 Qd4 35.Bd5 Bxd5 36.Qxd4 exd4
37.exd5 Kf7 38.d6 Ke6 39.Rd5 Kd7 40.a3 Rxf2 41.Rxd4 Rb2 42.Rd3 h5 43.h4 g5
44.hxg5 fxg5 45.a4 h4 46.Kh3 Rc2 47.Rd5 Rc3+ 48.Kh2 g4 49.Rxa5 Rxb3 50.Rh5 h3
51.gxh3 Rxh3+ 52.Rxh3 gxh3 53.a5 Kxd6 54.a6 Kc6 55.a7 Kb7 56.a8=R Kxa8 57.Kxh3  1/2-1/2

[Event "Peer Gynt"]
[Site "Gausdal"]
[Date "1991.??.??"]
[Round "9"]
[White "Kotronias, Vasilios"]
[Black "Kochyev, Alexander"]
[Result "1/2-1/2"]
[WhiteElo "2550"]
[BlackElo "2485"]

1.e4 c5 2.Nf3 e6 3.d4 cxd4 4.Nxd4 Nc6 5.Nc3 d6 6.f4 Nf6 7.Be3 Be7 8.Qf3 O-O
9.O-O-O Qc7 10.Ncb5 Qb8 11.g4 d5 12.e5 Ne4 13.Bd3 a6 14.Nxc6 bxc6 15.Nd4 Bb7
16.Bxe4 dxe4 17.Qe2 c5 18.Nb3 Qc7 19.Qd2 c4 20.Qa5 Qxa5 21.Nxa5 Bd5 22.Rxd5 exd5
23.Rd1 c3 24.Rxd5 cxb2+ 25.Kxb2 Rfc8 26.Nb3 Rc4 27.c3 Rac8 28.Bd4 e3 29.Kc2 Bb4
30.Kd3 e2 31.Kxe2 Bxc3 32.Be3 Ra4 33.Kd3 Rxa2 34.Bc5 Bb4 35.Bxb4 Rb2 36.Nd4 Rxb4
37.f5 Rbb8 38.e6 fxe6 39.Nxe6 Rb3+ 40.Kd2 Rcb8 41.g5 Rf3 42.Kc2 Ra8 43.h4 Kh8
44.h5 a5 45.g6 a4 46.h6 hxg6 47.fxg6 Re8 48.Rd7 Rf6 49.Nc7 Rc8 50.hxg7+ Kg8
51.Kb2 Rb8+ 52.Ka3 Rf3+ 53.Kxa4 Rf1 54.Rd3 Ra1+ 55.Ra3 Rab1 56.Na6 Ra8 57.Ka5 Kxg7
58.Ra2 Rb3 59.Ra1 Rb2 60.Ra3 Kxg6 61.Ra1 Kf6 62.Rf1+ Ke5 63.Re1+ Kf5 64.Rf1+ Kg4
65.Rg1+ Kf3 66.Rg6 Re8 67.Rc6 Re7 68.Rc4 Re5+ 69.Rc5 Re4 70.Nc7 Rb7 71.Nb5 Rb8
72.Rd5 Kf4 73.Rc5 Ke3 74.Rh5 Kf3 75.Rf5+ Kg4 76.Rc5 Kf4 77.Rh5 Re5 78.Rxe5 Kxe5
79.Nc3 Kd4 80.Na4 Kd5 81.Nb6+ Kc6 82.Na4 Rb5+ 83.Ka6 Rd5 84.Nb6 Re5 85.Na4 Rh5
86.Nb6 Kc7 87.Na8+ Kb8 88.Nb6 Rg5 89.Na4 Kc7 90.Nc3  1/2-1/2

[Event "GER CupT"]
[Site "GER"]
[Date "1991.??.??"]
[Round "?"]
[White "Khalifman, Alexander"]
[Black "Teske, Henrik"]
[Result "1/2-1/2"]
[WhiteElo "2640"]
[BlackElo "2380"]

1.e4 c5 2.Nf3 e6 3.Nc3 Nc6 4.d4 cxd4 5.Nxd4 Qc7 6.Be2 a6 7.O-O Nf6 8.a4 Bb4
9.Bg5 h6 10.Bh4 Bxc3 11.Bxf6 gxf6 12.bxc3 Qf4 13.Re1 Qxe4 14.Bxa6 Qf4 15.g3 Qg5
16.Bf1 Ra5 17.Nb5 Qc5 18.Bg2 Ke7 19.Qg4 h5 20.Qf4 Ne5 21.Rad1 Ng6 22.Qe4 f5
23.Qf3 Kf8 24.Rd4 d5 25.Qd3 Bd7 26.Bxd5 Bxb5 27.axb5 Qxb5 28.Bc4 Qc6 29.Qd2  1/2-1/2

[Event "GER CupT"]
[Site "GER"]
[Date "1991.??.??"]
[Round "?"]
[White "Mueller, Karsten"]
[Black "Liebert, Heinz"]
[Result "1/2-1/2"]
[WhiteElo "2425"]
[BlackElo "2380"]

1.e4 c5 2.Nf3 Nc6 3.d4 cxd4 4.Nxd4 e6 5.Nc3 a6 6.Be3 Qc7 7.Be2 Nf6 8.O-O Be7
9.f4 d6 10.Qe1 O-O 11.Qg3 Bd7 12.Kh1 b5 13.e5 Ne8 14.Nxc6 Bxc6 15.Bd3 dxe5
16.fxe5 f5 17.Ne2 Rd8 18.Rae1 Rd5 19.Nf4 Rxe5 20.Bb6 Qd6 21.Nxe6 Rxe6 22.Qxd6 Rxd6
23.Rxe7 Rg6 24.Rf2 Bxg2+ 25.Rxg2 Rxb6 26.Bxf5 Rxf5 27.Rxe8+ Rf8 28.Re7 Rf7
29.Re8+ Rf8 30.Re7  1/2-1/2

[Event "Bundesliga 9091"]
[Site "Germany"]
[Date "1991.??.??"]
[Round "?"]
[White "Dueball, Juergen"]
[Black "Roese, Oliver"]
[Result "0-1"]
[WhiteElo "2445"]
[BlackElo "2385"]

1.e4 c5 2.Nf3 e6 3.d4 cxd4 4.Nxd4 Nc6 5.Nc3 a6 6.g3 Nge7 7.Nb3 d6 8.Bg2 Bd7
9.a4 Nc8 10.Qe2 Be7 11.O-O O-O 12.Rd1 Qc7 13.a5 Bf6 14.Be3 Bxc3 15.bxc3 Ne5
16.f4 Nc4 17.Bd4 e5 18.fxe5 Nxe5 19.h3 Ne7 20.Nd2 Rae8 21.g4 N7g6 22.Qf2 Nc4
23.Nxc4 Qxc4 24.Re1 Bc6 25.Re3 Ne5 26.Qf5 Qe6 27.Qxe6 Rxe6 28.Bf1 Nd7 29.Rae1 Rfe8
30.Bd3 Ne5 31.Kf2 Kf8 32.Kg3 Ke7 33.c4 f6 34.c5 dxc5 35.Bxc5+ Kf7 36.h4 Bd7
37.g5 fxg5 38.hxg5 Kg6 39.Kf4 Bc6  0-1